000
00305 a2200157 4500
001
50337
020
_a
8585642297
040
_c
Anchieta - Bela Vista
100
_a
Rachlin, Ann
240
1
0
_a
Schumann
_l
por
245
1
0
_a
Schumann
300
_a
24
362
0
_a
1993
650
4
_a
Pintura
942
_c
BK
999
_c
50337
_d
50337